01335nab a22002657a 4500003000400000005001700004008004100021040000700062100003200069245017300101260007300274300001100347500004200358505023800400505009000638650002600728650002800754650003700782650002000819650002200839650002600861650002200887650002000909773014000929OSt20250312095331.0190604e xxu||||| |||| 00| 0 spa d cPJ aFernández Pego, Guillermo13aLa evolución histórica, política y judicial de los decretos de necesidad y urgencia desde un enfoque constitucional y parlamentario /cGuillermo Fernández Pego. aCiudad Autónoma de Buenos Aires :bThomson Reuters La Ley, c2024. ap. 50- aCita Online: TR LALEY AR/DOC/1528/24. aSumario: I. Introducción.— II. Estado de situación.— III. Desarrollo.— IV. La Comisión Bicameral y su control. Ley 26.122.— V. Conclusión.— VI. Bibliografía.— VII. Jurisprudencia.— VIII. Páginas de internet. t¿Te interesa el texto completo? Solicitalo al correo: koha@justierradelfuego.gov.ar  0aCONSTITUCION NACIONAL 0aCONSTITUCION EXTRANJERA 0aDECRETOS DE NECESIDAD Y URGENCIA 0aPODER EJECUTIVO 0aPODER LEGISLATIVO 0aDECRETO REGLAMENTARIO 0aSANCION DE LA LEY 0aPROYECTO DE LEY0 02714dCiudad Autónoma de Buenos Aires : Thomson Reuters La Ley, 2014-tRevista anales de legislación argentina. Nº 7 - Julio 2024.